=LDR 00000nam 2200000 4500 =001 INLIS000000000019135 =005 20130612114232 =008 ***********************************eng** =035 ##$$0010-061300000019135 =041 ##$$a eng =082 ##$$a 828.83 =090 ##$$a 828.83, Pro c =100 ##$$a Procter, Maunce =245 ##$$a The Chief inspector's stotement, Maunice Procter =260 ##$$a 1951 $b London =300 ##$$a 252 hlm, 31 cm =650 ##$$a Kesusastraan Inggris-Penulisan =850 ##$$a NBPNMAT